Food processing technology : principles and practice

में बचाया:
ग्रंथसूची विवरण
मुख्य लेखकों:  Fellows, Peter,  Food processing technology : principles and practice
स्वरूप: Sách
भाषा:Undetermined
प्रकाशित:  Woodhead Publishing  2017
विषय:
टैग : टैग जोड़ें
कोई टैग नहीं, इस रिकॉर्ड को टैग करने वाले पहले व्यक्ति बनें!
Thư viện lưu trữ: Trung tâm Thư viện - Trường Đại học Công nghiệp TP. Hồ Chí Minh
LEADER 00537nam a2200157Ia 4500
001 UIH_08362
008 241002s9999 xx 000 0 und d
082 |a  664.223 
100 |a  Fellows, Peter 
100 |a  Food processing technology : principles and practice 
245 0 |a  Food processing technology : principles and practice 
260 |b  Woodhead Publishing 
260 |c  2017 
650 |a Food industry and trade 
927 |a Sách 
980 |a Trung tâm Thư viện - Trường Đại học Công nghiệp TP. Hồ Chí Minh